موسيقانا فى خمسة عشر عاما

Saved in:

Main Author: اللجنة الموسيقية العليا.

Format: Book

Language: Undetermined

Published: Cairo : matbaeat almadanii , 1967.

Tags: Add Tag

No Tags, Be the first to tag this record!

Call Number: ML189 .L32 v.5

LEADER 00413nam a2200121Ia 4500
008 240329s9999||||xx |||||||||||||| ||und||
050 4 |a ML189 .L32 v.5 
100 1 |a اللجنة الموسيقية العليا. 
245 1 0 |a موسيقانا فى خمسة عشر عاما  |c اللجنة الموسيقية العليا 
264 1 |a Cairo :  |b matbaeat almadanii ,  |c 1967. 
300 |a 66  |c 24 CM 
942 |2 lcc  |c BK 
999 |c 57620  |d 57620